| 000 | 01056nam a2200289 a 4500 | ||
|---|---|---|---|
| 001 | BRCA_8454 | ||
| 005 | 20190320210304.0 | ||
| 008 | 021215s1977----xv-#######---#000-0#slv-# | ||
| 041 | _aslv | ||
| 044 | _axv | ||
| 050 | 4 |
_aPQ6323 _b.C47 1977 |
|
| 100 | 1 |
_aCervantes Saavedra, Miguel de _d1547-1616 _9213 |
|
| 245 | 1 | 0 |
_aVeleumni Plemic Don Kihot iz Mance _cMiguel de Cervantes Saavedra ; prevedel Niko Kosir. |
| 260 |
_aLiubliana, Eslovenia _bCankarjeva Zalozba _c1977 |
||
| 300 |
_a2 v. _c20 cm. |
||
| 500 | _aTraducción de: El ingenioso hidalgo Don Quijote de la Mancha | ||
| 500 | _aLibro donado por el Dr. Ludovik Osterc, 1984 | ||
| 546 | _aTexto en : esloveno | ||
| 650 | 1 | 4 |
_aNovela española _yÉpoca clásica, 1500-1700 _9215 |
| 650 | 1 | 4 |
_aLiteratura española _yÉpoca clásica, 1500-1700 _9216 |
| 650 | 1 | 4 |
_aNovela española _ySiglo XVII _9217 |
| 650 | 1 | 4 |
_aDon Quijote (Personaje ficticio) _eNovela _9218 |
| 700 | 1 |
_aKosir, Niko _etr. _921174 |
|
| 740 | 0 | _aEl Ingenioso Hidalgo Don Quijote de la Mancha | |
| 902 | _aQAG | ||
| 942 |
_2lcc _cB |
||
| 999 |
_c8121 _d8121 |
||